[Event "Edmonton int."]
[Site "Edmonton CAN"]
[Date "2008.08.02"]
[Round "4"]
[White "Thavandiran, Shiyam"]
[Black "Hughey, Micah"]
[Result "1-0"]
[WhiteElo "2288"]
[BlackElo "2011"]
[PlyCount "53"]
[GameId "2160767910345092"]
[EventDate "2008.07.31"]
[EventType "swiss"]
[EventRounds "9"]
[EventCountry "CAN"]
[SourceTitle "CBM 125 Extra"]
[Source "ChessBase"]
[SourceDate "2008.09.01"]
[SourceVersion "1"]
[SourceVersionDate "2008.09.01"]
[SourceQuality "1"]

1. e4 e5 2. Bc4 Nc6 3. Nc3 Bc5 4. d3 Nf6 5. Bg5 h6 6. Bh4 g5 7. Bg3 d6 8. Na4 Qe7 9. Bb5 Bd7 10. Nf3 O-O-O 11. Nxc5 dxc5 12. Qe2 Nd4 13. Nxd4 cxd4 14. Bc4 h5 15. h4 g4 16. O-O Nh7 17. c3 c5 18. b4 dxc3 19. bxc5 Nf8 20. Bd5 Ng6 21. Rab1 Bc6 22. Bxc6 bxc6 23. d4 Rd7 24. Qa6+ Rb7 25. d5 c2 26. dxc6 cxb1=Q 27. Rxb1 1-0

[Event "Edmonton int."]
[Site "Edmonton CAN"]
[Date "2008.08.02"]
[Round "5"]
[White "Gardner, Robert"]
[Black "Reeve, Jeff"]
[Result "0-1"]
[WhiteElo "2185"]
[BlackElo "2243"]
[PlyCount "74"]
[GameId "2160767910345093"]
[EventDate "2008.07.31"]
[EventType "swiss"]
[EventRounds "9"]
[EventCountry "CAN"]
[SourceTitle "CBM 125 Extra"]
[Source "ChessBase"]
[SourceDate "2008.09.01"]
[SourceVersion "1"]
[SourceVersionDate "2008.09.01"]
[SourceQuality "1"]

1. f4 c5 2. Nf3 Nc6 3. e4 g6 4. Be2 Bg7 5. c3 d5 6. d3 dxe4 7. dxe4 Qxd1+ 8. Bxd1 Nf6 9. e5 Nd5 10. Bb3 Nc7 11. Be3 b6 12. Nbd2 O-O 13. O-O-O Be6 14. Bxe6 Nxe6 15. Ne4 Rfd8 16. Kc2 Nc7 17. Rxd8+ Rxd8 18. Rd1 Nd5 19. Bd2 f6 20. exf6 exf6 21. f5 Kf7 22. Ng3 Bf8 23. Rf1 Bd6 24. fxg6+ hxg6 25. Ne4 Bb8 26. Nfg5+ Ke7 27. Nh7 Be5 28. c4 Ndb4+ 29. Bxb4 Nxb4+ 30. Kb1 f5 31. Nc3 Rd2 32. Re1 Nd3 33. Re2 Rxe2 34. Nxe2 Nxb2 35. Ng5 Nxc4 36. Nf3 Kf6 37. h3 g5 0-1

[Event "Edmonton int."]
[Site "Edmonton CAN"]
[Date "2008.08.02"]
[Round "5"]
[White "Hughey, Micah"]
[Black "Bolvary, Tamara"]
[Result "1-0"]
[WhiteElo "2011"]
[BlackElo "2046"]
[PlyCount "57"]
[GameId "2160767910345097"]
[EventDate "2008.07.31"]
[EventType "swiss"]
[EventRounds "9"]
[EventCountry "CAN"]
[SourceTitle "CBM 125 Extra"]
[Source "ChessBase"]
[SourceDate "2008.09.01"]
[SourceVersion "1"]
[SourceVersionDate "2008.09.01"]
[SourceQuality "1"]

1. e4 c5 2. c3 d6 3. d4 Nf6 4. Bd3 Nbd7 5. Nf3 e6 6. O-O Be7 7. Bf4 O-O 8. Nbd2 Nh5 9. Be3 Nhf6 10. Bf4 Nh5 11. Be3 Nhf6 12. h3 b6 13. Bf4 Bb7 14. Qe2 Ne8 15. Rfe1 g6 16. Bh6 Ng7 17. e5 d5 18. Nh2 Bg5 19. Bxg7 Kxg7 20. Rf1 Be7 21. f4 Re8 22. g4 cxd4 23. cxd4 Kh8 24. g5 Bf8 25. Ng4 h5 26. gxh6 Qh4 27. Qg2 Bxh6 28. Nf3 Qh5 29. Bb5 1-0

[Event "Edmonton int."]
[Site "Edmonton CAN"]
[Date "2008.08.02"]
[Round "5"]
[White "Hungaski, Robert Andrew"]
[Black "Ganguly, Surya Shekhar"]
[Result "1/2-1/2"]
[WhiteElo "2407"]
[BlackElo "2631"]
[PlyCount "60"]
[GameId "2160767910345098"]
[EventDate "2008.07.31"]
[EventType "swiss"]
[EventRounds "9"]
[EventCountry "CAN"]
[SourceTitle "CBM 125 Extra"]
[Source "ChessBase"]
[SourceDate "2008.09.01"]
[SourceVersion "1"]
[SourceVersionDate "2008.09.01"]
[SourceQuality "1"]

1. Nf3 Nf6 2. c4 g6 3. Nc3 d5 4. Qa4+ Bd7 5. Qb3 dxc4 6. Qxc4 a6 7. d4 b5 8. Qb3 c5 9. dxc5 Bg7 10. e4 Bc6 11. Be2 Nxe4 12. Nxe4 Bxe4 13. O-O Qd5 14. Qxd5 Bxd5 15. Rd1 e6 16. Nd4 O-O 17. Be3 Rc8 18. b4 Nc6 19. Nxc6 Rxc6 20. Bd4 Bxd4 21. Rxd4 a5 22. Bxb5 Rc7 23. Bc4 Bxc4 24. Rxc4 axb4 25. Rxb4 Rxc5 26. a4 Rc2 27. h4 Ra5 28. Rb5 Rxb5 29. axb5 Rb2 30. Ra8+ Kg7 1/2-1/2

[Event "Edmonton int."]
[Site "Edmonton CAN"]
[Date "2008.08.02"]
[Round "5"]
[White "Moiseenko, Alexander"]
[Black "Bluvshtein, Mark"]
[Result "1-0"]
[WhiteElo "2632"]
[BlackElo "2548"]
[PlyCount "69"]
[GameId "2160767910345099"]
[EventDate "2008.07.31"]
[EventType "swiss"]
[EventRounds "9"]
[EventCountry "CAN"]
[SourceTitle "CBM 125 Extra"]
[Source "ChessBase"]
[SourceDate "2008.09.01"]
[SourceVersion "1"]
[SourceVersionDate "2008.09.01"]
[SourceQuality "1"]

1. d4 Nf6 2. c4 e6 3. Nf3 c5 4. d5 exd5 5. cxd5 d6 6. Nc3 g6 7. g3 Bg7 8. Bg2 O-O 9. O-O a6 10. a4 Re8 11. Bf4 h6 12. Qc1 Kh7 13. h3 Nh5 14. Bd2 Nd7 15. e4 Rb8 16. a5 b5 17. axb6 Qxb6 18. Na4 Qb5 19. Bc3 Bxc3 20. bxc3 Rb7 21. Qc2 Nhf6 22. Rfb1 Qa5 23. Nb6 Qxb6 24. Rxb6 Nxb6 25. Nd2 Ra7 26. Nb3 Rae7 27. Na5 Rxe4 28. Bxe4 Rxe4 29. Qb2 Nfxd5 30. c4 Nxc4 31. Nxc4 Rxc4 32. Qb8 Be6 33. Rxa6 Rc1+ 34. Kh2 Nf6 35. Qb2 1-0

[Event "Edmonton int."]
[Site "Edmonton CAN"]
[Date "2008.08.02"]
[Round "5"]
[White "Panjwani, Raja"]
[Black "Kraai, Jesse"]
[Result "0-1"]
[WhiteElo "2310"]
[BlackElo "2513"]
[PlyCount "82"]
[GameId "2160767910345100"]
[EventDate "2008.07.31"]
[EventType "swiss"]
[EventRounds "9"]
[EventCountry "CAN"]
[SourceTitle "CBM 125 Extra"]
[Source "ChessBase"]
[SourceDate "2008.09.01"]
[SourceVersion "1"]
[SourceVersionDate "2008.09.01"]
[SourceQuality "1"]

1. e4 e6 2. d4 d5 3. Nc3 Nf6 4. Bg5 dxe4 5. Nxe4 Be7 6. Bxf6 Bxf6 7. Nf3 Nd7 8. Bc4 O-O 9. Qe2 a6 10. O-O-O b5 11. Bb3 Bb7 12. d5 exd5 13. Bxd5 c6 14. Bb3 Qc7 15. Nfg5 Bxg5+ 16. Nxg5 Nf6 17. c3 c5 18. Bc2 Rfe8 19. Qd3 Qf4+ 20. Qd2 Qxd2+ 21. Rxd2 Bxg2 22. Rg1 Bb7 23. Rd6 h6 24. Nh3 Kf8 25. Nf4 Rad8 26. Rb6 Be4 27. Rd1 Bxc2 28. Rxd8 Rxd8 29. Kxc2 Ne4 30. f3 Ng5 31. Nd3 Nxf3 32. Nxc5 Nxh2 33. Rxa6 h5 34. a4 bxa4 35. Rxa4 g5 36. b4 g4 37. b5 g3 38. Ra1 g2 39. b6 Nf1 40. b7 g1=Q 41. Ra8 Qg2+ 0-1

[Event "Edmonton int."]
[Site "Edmonton CAN"]
[Date "2008.08.02"]
[Round "5"]
[White "Porper, Edward"]
[Black "Thavandiran, Shiyam"]
[Result "1-0"]
[WhiteElo "2476"]
[BlackElo "2288"]
[PlyCount "43"]
[GameId "2160767910345101"]
[EventDate "2008.07.31"]
[EventType "swiss"]
[EventRounds "9"]
[EventCountry "CAN"]
[SourceTitle "CBM 125 Extra"]
[Source "ChessBase"]
[SourceDate "2008.09.01"]
[SourceVersion "1"]
[SourceVersionDate "2008.09.01"]
[SourceQuality "1"]

1. d4 Nf6 2. c4 e6 3. Nf3 d5 4. Nc3 dxc4 5. e4 Bb4 6. Bg5 c5 7. Bxc4 cxd4 8. Nxd4 Bxc3+ 9. bxc3 Qa5 10. Bxf6 gxf6 11. Bb5+ Bd7 12. Qb3 O-O 13. O-O a6 14. Be2 Nc6 15. Rfd1 Rac8 16. Rd3 Rc7 17. Qb2 Kh8 18. Nb3 Qe5 19. f4 Qxe4 20. Nc5 Qf5 21. Nxd7 Rd8 22. Qd2 1-0

[Event "Edmonton int."]
[Site "Edmonton CAN"]
[Date "2008.08.03"]
[Round "6"]
[White "Ganguly, Surya Shekhar"]
[Black "Bluvshtein, Mark"]
[Result "1-0"]
[WhiteElo "2631"]
[BlackElo "2548"]
[PlyCount "75"]
[GameId "2160767910345105"]
[EventDate "2008.07.31"]
[EventType "swiss"]
[EventRounds "9"]
[EventCountry "CAN"]
[SourceTitle "CBM 125 Extra"]
[Source "ChessBase"]
[SourceDate "2008.09.01"]
[SourceVersion "1"]
[SourceVersionDate "2008.09.01"]
[SourceQuality "1"]

1. e4 e5 2. Nf3 Nf6 3. d4 Nxe4 4. Bd3 d5 5. dxe5 Nc6 6. O-O Bg4 7. Nc3 Nxc3 8. bxc3 Be7 9. Re1 O-O 10. h3 Bh5 11. Rb1 b6 12. Bf5 Bg6 13. g4 Bc5 14. Qd3 Ne7 15. Bg5 Bxf5 16. gxf5 Qd7 17. Bxe7 Bxe7 18. Kh2 Kh8 19. Rg1 c5 20. c4 Rad8 21. Rbd1 f6 22. e6 Qc7+ 23. Kh1 Qf4 24. cxd5 c4 25. Qe3 Qxf5 26. Nh4 Qh5 27. Qg3 Rg8 28. Rd4 f5 29. Nf3 Bd6 30. Rh4 Bxg3 31. Rxh5 Bxf2 32. Ng5 Rge8 33. Nf7+ Kg8 34. Nh6+ Kh8 35. Nf7+ Kg8 36. Nxd8 Bxg1 37. Kxg1 g6 38. d6 1-0

[Event "Edmonton int."]
[Site "Edmonton CAN"]
[Date "2008.08.03"]
[Round "6"]
[White "Pechenkin, Vladimir"]
[Black "Porper, Edward"]
[Result "0-1"]
[WhiteElo "2281"]
[BlackElo "2476"]
[PlyCount "110"]
[GameId "2160767910345107"]
[EventDate "2008.07.31"]
[EventType "swiss"]
[EventRounds "9"]
[EventCountry "CAN"]

1. f4 c5 2. Nf3 Nc6 3. e4 g6 4. Be2 Bg7 5. O-O Nf6 6. d3 c4 7. e5 cxd3 8. Bxd3 Ng4 9. Qe2 d6 10. exd6 Qxd6 11. Nc3 O-O 12. Ne4 Qc7 13. c3 Nf6 14. Nxf6+ Bxf6 15. Kh1 Qa5 16. Be3 Bf5 17. Bxf5 Qxf5 18. Rae1 Rfd8 19. Bc1 Rd7 20. Qe4 Qxe4 21. Rxe4 e6 22. Kg1 Rad8 23. Rfe1 Rd5 24. Kf1 Ra5 25. a3 Rad5 26. Ke2 a6 27. Be3 h5 28. Rc1 Ne7 29. Bd4 Bxd4 30. Rxd4 Rxd4 31. Nxd4 Kg7 32. Kf3 Kf6 33. Re1 Rd5 34. g3 Nc8 35. a4 Nd6 36. b3 g5 37. h3 h4 38. fxg5+ Kxg5 39. gxh4+ Kxh4 40. Kg2 Rg5+ 41. Kf2 Kxh3 42. Re3+ Kg4 43. Nxe6 fxe6 44. Rxe6 Nf5 45. Rb6 Rg7 46. Ke2 Kf4 47. Kd3 Ke5 48. a5 Rd7+ 49. Kc2 Nd6 50. Kb2 Rc7 51. c4 Rc6 52. Rb4 Kd4 53. Kc2 Nxc4 54. Kb1 Kc3 55. Rxb7 Nxa5 0-1

[Event "Edmonton int."]
[Site "Edmonton CAN"]
[Date "2008.08.03"]
[Round "7"]
[White "Bluvshtein, Mark"]
[Black "Pechenkin, Vladimir"]
[Result "1/2-1/2"]
[WhiteElo "2548"]
[BlackElo "2281"]
[PlyCount "69"]
[GameId "2160767910345110"]
[EventDate "2008.07.31"]
[EventType "swiss"]
[EventRounds "9"]
[EventCountry "CAN"]

1. d4 f5 2. c4 Nf6 3. Nf3 e6 4. g3 Be7 5. Bg2 d6 6. O-O O-O 7. Nc3 Ne4 8. Qc2 Nxc3 9. Qxc3 a5 10. b3 Nc6 11. Bb2 Bf6 12. Qc2 e5 13. d5 Ne7 14. e3 g5 15. Nd2 g4 16. f3 h5 17. Rf2 Qe8 18. Raf1 Qg6 19. fxg4 hxg4 20. c5 Bg5 21. cxd6 cxd6 22. Qc7 Ra6 23. a4 Bxe3 24. Qxe7 Bb6 25. Rc1 Re8 26. Rxc8 Rxc8 27. Nc4 Bxf2+ 28. Kxf2 f4 29. gxf4 Rxc4 30. bxc4 Qc2+ 31. Kg3 exf4+ 32. Kxf4 Qxb2 33. Qe8+ Kg7 34. Qe7+ Kg8 35. Qe8+ 1/2-1/2

[Event "Edmonton int."]
[Site "Edmonton CAN"]
[Date "2008.08.03"]
[Round "7"]
[White "Gardner, Robert"]
[Black "Bolvary, Tamara"]
[Result "1-0"]
[WhiteElo "2185"]
[BlackElo "2046"]
[PlyCount "63"]
[GameId "2160767910345111"]
[EventDate "2008.07.31"]
[EventType "swiss"]
[EventRounds "9"]
[EventCountry "CAN"]
[SourceTitle "EXT 2009"]
[Source "ChessBase"]
[SourceDate "2008.11.26"]
[SourceVersion "1"]
[SourceVersionDate "2008.11.26"]
[SourceQuality "1"]

1. g3 d5 2. Bg2 Nf6 3. f4 c5 4. Nf3 Nc6 5. O-O g6 6. d3 Bg7 7. Nc3 d4 8. Ne4 Nxe4 9. dxe4 e5 10. f5 gxf5 11. exf5 e4 12. Ng5 e3 13. Ne4 Bf8 14. b3 Bd7 15. Ba3 b6 16. c3 dxc3 17. Nxc3 Bg7 18. f6 Bxf6 19. Ne4 Be5 20. Nd6+ Bxd6 21. Qxd6 Qe7 22. Qxc6 Bxc6 23. Bxc6+ Kf8 24. Bxa8 h5 25. Bd5 Rh7 26. Rf5 h4 27. Raf1 Ke8 28. Bxf7+ Kd8 29. Bg8 hxg3 30. Bxh7 gxh2+ 31. Kh1 Qe4+ 32. R5f3 1-0

[Event "Edmonton int."]
[Site "Edmonton CAN"]
[Date "2008.08.03"]
[Round "7"]
[White "Gerzhoy, Leonid"]
[Black "Shabalov, Alexander"]
[Result "0-1"]
[WhiteElo "2399"]
[BlackElo "2611"]
[PlyCount "86"]
[GameId "2160767910345112"]
[EventDate "2008.07.31"]
[EventType "swiss"]
[EventRounds "9"]
[EventCountry "CAN"]
[SourceTitle "CBM 125 Extra"]
[Source "ChessBase"]
[SourceDate "2008.09.01"]
[SourceVersion "1"]
[SourceVersionDate "2008.09.01"]
[SourceQuality "1"]

1. e4 e6 2. d4 d5 3. exd5 exd5 4. Nf3 Bd6 5. c4 Be6 6. c5 Be7 7. Nc3 b6 8. cxb6 axb6 9. Bd3 Nf6 10. O-O O-O 11. Re1 c5 12. Ng5 Bg4 13. f3 Bc8 14. dxc5 h6 15. Nh3 bxc5 16. Nf4 Bb7 17. Bc2 Na6 18. a3 d4 19. Nce2 Bd6 20. Bb3 Qc7 21. Bc4 Nb4 22. Bd2 Nc6 23. Rc1 Ne5 24. Ba2 Bxf3 25. Rf1 Bc6 26. Ng3 Qd7 27. Nfh5 Nxh5 28. Qxh5 Qg4 29. Qxg4 Nxg4 30. Nf5 Bxh2+ 31. Kh1 Bb5 32. Ne7+ Kh7 33. Rxf7 c4 34. Rcf1 Rxf7 35. Rxf7 Be5 36. Nd5 Rd8 37. a4 Ba6 38. Nb4 c3 39. Bc1 d3 40. Bb1 c2 41. Nxc2 Rc8 42. b4 dxc2 43. Ba2 Rd8 0-1

[Event "Edmonton int."]
[Site "Edmonton CAN"]
[Date "2008.08.03"]
[Round "7"]
[White "Huber, Gregory"]
[Black "Panjwani, Raja"]
[Result "1/2-1/2"]
[WhiteElo "2236"]
[BlackElo "2310"]
[PlyCount "65"]
[GameId "2160767910345113"]
[EventDate "2008.07.31"]
[EventType "swiss"]
[EventRounds "9"]
[EventCountry "CAN"]
[SourceTitle "EXT 2009"]
[Source "ChessBase"]
[SourceDate "2008.11.26"]
[SourceVersion "1"]
[SourceVersionDate "2008.11.26"]
[SourceQuality "1"]

1. e4 c5 2. Nc3 Nc6 3. g3 g6 4. Bg2 Bg7 5. d3 d6 6. Be3 Rb8 7. Qd2 b5 8. Nge2 Nd4 9. O-O Qa5 10. Nc1 b4 11. Nd1 Qa4 12. Nb3 Nxb3 13. cxb3 Qa6 14. d4 cxd4 15. Bxd4 Nf6 16. e5 dxe5 17. Bxe5 Rb5 18. Bxf6 Qxf6 19. Ne3 O-O 20. Nd5 Qxb2 21. Nxe7+ Kh8 22. Qxb2 Bxb2 23. Rab1 Bf6 24. Nd5 Bg7 25. Rbc1 Be6 26. Rfd1 Bxd5 27. Rxd5 Rxd5 28. Bxd5 Bc3 29. a4 Kg7 30. Rd1 Rd8 31. Kf1 Kf6 32. Ke2 Re8+ 33. Kf3 1/2-1/2

[Event "Edmonton int."]
[Site "Edmonton CAN"]
[Date "2008.08.03"]
[Round "7"]
[White "Hungaski, Robert Andrew"]
[Black "Kraai, Jesse"]
[Result "1/2-1/2"]
[WhiteElo "2407"]
[BlackElo "2513"]
[PlyCount "68"]
[GameId "2160767910345114"]
[EventDate "2008.07.31"]
[EventType "swiss"]
[EventRounds "9"]
[EventCountry "CAN"]
[SourceTitle "CBM 125 Extra"]
[Source "ChessBase"]
[SourceDate "2008.09.01"]
[SourceVersion "1"]
[SourceVersionDate "2008.09.01"]
[SourceQuality "1"]

1. Nf3 b6 2. g3 Bb7 3. Bg2 f5 4. d4 Nf6 5. O-O g6 6. b3 Bg7 7. Bb2 O-O 8. Nbd2 c5 9. e4 Nxe4 10. Ng5 Nxg5 11. Bxb7 Nc6 12. h4 Ne6 13. Bxa8 Qxa8 14. Qf3 Ncxd4 15. Qxa8 Rxa8 16. Bxd4 Nxd4 17. Rae1 Kf7 18. c4 a5 19. a4 Rc8 20. Kg2 Rc6 21. Re3 e5 22. Nf3 e4 23. Ng5+ Kg8 24. f4 h5 25. Rd1 Kf8 26. Nh3 Ke7 27. Ng1 Re6 28. Rc3 e3 29. Re1 Nf3 30. Rexe3 Nxg1 31. Rxe6+ dxe6 32. Re3 Bd4 33. Re1 e5 34. Rxg1 Bxg1 1/2-1/2

[Event "Edmonton int."]
[Site "Edmonton CAN"]
[Date "2008.08.03"]
[Round "7"]
[White "Moiseenko, Alexander"]
[Black "Ganguly, Surya Shekhar"]
[Result "1/2-1/2"]
[WhiteElo "2632"]
[BlackElo "2631"]
[PlyCount "60"]
[GameId "2160767910345115"]
[EventDate "2008.07.31"]
[EventType "swiss"]
[EventRounds "9"]
[EventCountry "CAN"]
[SourceTitle "CBM 125 Extra"]
[Source "ChessBase"]
[SourceDate "2008.09.01"]
[SourceVersion "1"]
[SourceVersionDate "2008.09.01"]
[SourceQuality "1"]

1. d4 Nf6 2. c4 g6 3. Nc3 d5 4. cxd5 Nxd5 5. e4 Nxc3 6. bxc3 Bg7 7. Qa4+ Nd7 8. Nf3 O-O 9. Bg5 c5 10. Rb1 Nb6 11. Qa3 h6 12. Be3 cxd4 13. cxd4 f5 14. Bd3 fxe4 15. Bxe4 Bf5 16. Bxf5 Rxf5 17. O-O Qd6 18. Qxd6 exd6 19. d5 Rxd5 20. Bxb6 axb6 21. Rxb6 Rxa2 22. Rxb7 Rf5 23. Rd7 Bf8 24. h3 Rf7 25. Rd8 Raa7 26. Rd1 Rad7 27. Rxd7 Rxd7 28. Ne5 Rg7 29. Nc4 Rc7 30. Ne3 Kf7 1/2-1/2

[Event "Edmonton int."]
[Site "Edmonton CAN"]
[Date "2008.08.03"]
[Round "7"]
[White "Peter, Steven"]
[Black "Hughey, Micah"]
[Result "1/2-1/2"]
[WhiteElo "2303"]
[BlackElo "2011"]
[PlyCount "60"]
[GameId "2160767910345116"]
[EventDate "2008.07.31"]
[EventType "swiss"]
[EventRounds "9"]
[EventCountry "CAN"]

1. Nf3 d5 2. c4 e6 3. b3 c5 4. g3 Nf6 5. Bg2 Nc6 6. O-O Be7 7. e3 O-O 8. d3 a6 9. Bb2 b5 10. Qe2 Bb7 11. Rd1 Qb6 12. Nbd2 Rfd8 13. Rab1 dxc4 14. dxc4 Nb4 15. a3 Nd3 16. Ba1 Rd7 17. Ne5 Nxe5 18. Bxb7 Qxb7 19. Bxe5 Rad8 20. Nf3 Ne4 21. Ba1 bxc4 22. bxc4 Rxd1+ 23. Rxd1 Qb3 24. Rxd8+ Bxd8 25. Qb2 Qxb2 26. Bxb2 Nd6 27. Nd2 Ba5 28. Be5 Nb7 29. Nb3 Bb6 30. Kf1 f6 1/2-1/2

[Event "Edmonton int."]
[Site "Edmonton CAN"]
[Date "2008.08.03"]
[Round "7"]
[White "Porper, Edward"]
[Black "Friedel, Joshua E"]
[Result "1/2-1/2"]
[WhiteElo "2476"]
[BlackElo "2524"]
[PlyCount "94"]
[GameId "2160767910345117"]
[EventDate "2008.07.31"]
[EventType "swiss"]
[EventRounds "9"]
[EventCountry "CAN"]
[SourceTitle "CBM 125 Extra"]
[Source "ChessBase"]
[SourceDate "2008.09.01"]
[SourceVersion "1"]
[SourceVersionDate "2008.09.01"]
[SourceQuality "1"]

1. d4 Nf6 2. Nf3 e6 3. c4 b6 4. Nc3 Bb4 5. Bg5 h6 6. Bh4 g5 7. Bg3 Ne4 8. Qc2 Bb7 9. e3 Bxc3+ 10. bxc3 d6 11. Bd3 f5 12. d5 Na6 13. Bxe4 fxe4 14. Qxe4 Qf6 15. O-O O-O-O 16. Qxe6+ Qxe6 17. dxe6 Bxf3 18. gxf3 Nc5 19. e4 Nxe6 20. Rfe1 h5 21. h3 h4 22. Bh2 Rdf8 23. Kg2 Rh5 24. Rad1 Nf4+ 25. Bxf4 gxf4 26. Rd5 Re5 27. Red1 Rg8+ 28. Kf1 Rgg5 29. Ke2 Kb7 30. c5 Rxd5 31. Rxd5 Rxd5 32. exd5 dxc5 33. Kd3 b5 34. Ke4 a5 35. Kxf4 a4 36. Ke4 Kc8 37. Kd3 Kd7 38. a3 Kd6 39. c4 b4 40. axb4 cxb4 41. f4 a3 42. Kc2 Kc5 43. Kb3 a2 44. Kxa2 Kxc4 45. d6 cxd6 46. f5 Kd5 47. f4 Kc6 1/2-1/2

[Event "Edmonton int."]
[Site "Edmonton CAN"]
[Date "2008.08.04"]
[Round "8"]
[White "Bolvary, Tamara"]
[Black "Vicary, Elizabeth"]
[Result "0-1"]
[WhiteElo "2046"]
[BlackElo "2145"]
[PlyCount "48"]
[GameId "2160767910345120"]
[EventDate "2008.07.31"]
[EventType "swiss"]
[EventRounds "9"]
[EventCountry "CAN"]
[SourceTitle "EXT 2009"]
[Source "ChessBase"]
[SourceDate "2008.11.26"]
[SourceVersion "1"]
[SourceVersionDate "2008.11.26"]
[SourceQuality "1"]

1. e4 c5 2. Nf3 Nc6 3. Bb5 e6 4. Bxc6 bxc6 5. O-O Ne7 6. d3 Ng6 7. Ng5 f6 8. Nh3 Be7 9. f4 O-O 10. b3 d5 11. Bb2 Rf7 12. Qh5 c4 13. f5 Nf8 14. fxe6 Nxe6 15. e5 cxd3 16. cxd3 Ba6 17. Nf2 Nf4 18. Qd1 fxe5 19. Bxe5 Bc5 20. Bxf4 Rxf4 21. a3 Rxf2 22. Rxf2 Qf6 23. d4 Bxd4 24. Qd2 Rf8 0-1

[Event "Edmonton int."]
[Site "Edmonton CAN"]
[Date "2008.08.04"]
[Round "8"]
[White "Cheng, Bindi"]
[Black "Peter, Steven"]
[Result "0-1"]
[WhiteElo "2333"]
[BlackElo "2303"]
[PlyCount "118"]
[GameId "2160767910345121"]
[EventDate "2008.07.31"]
[EventType "swiss"]
[EventRounds "9"]
[EventCountry "CAN"]

1. e4 c5 2. Nf3 a6 3. c3 d5 4. exd5 Qxd5 5. d4 Nf6 6. Be3 cxd4 7. cxd4 e6 8. Nc3 Qd6 9. Bd3 Be7 10. O-O Nbd7 11. Qd2 Nb6 12. Rad1 Nbd5 13. Bg5 h6 14. Bh4 Qf4 15. Qe1 Qd6 16. Bg3 Qd8 17. Be5 Kf8 18. Ne4 b6 19. Nxf6 gxf6 20. Bg3 Bb7 21. a3 f5 22. Bc4 h5 23. h3 h4 24. Bh2 Rg8 25. Kh1 Rc8 26. Bb3 Bd6 27. Be5 f6 28. Bxd6+ Qxd6 29. Nxh4 Kf7 30. Rd3 Rh8 31. f3 Rcg8 32. f4 Rg7 33. Rg3 Rgh7 34. Ng6 Rg8 35. Nh4 Rgh8 36. Ng6 Rg8 37. Nh4 Re8 38. Rgf3 Reh8 39. g3 Nxf4 40. d5 Nxd5 41. Kg1 f4 42. Qe4 Rg7 43. Ng2 Rxh3 44. gxf4 Qc5+ 45. R1f2 Qc1+ 46. Rf1 Rxg2+ 47. Kxg2 Nxf4+ 48. Rxf4 Bxe4+ 49. Kxh3 Qe3+ 50. Kg4 Qxb3 51. Rxe4 Qxb2 52. Kg3 Qxa3+ 53. Rf3 Qc5 54. Rh4 Qg1+ 55. Kh3 f5 56. Rh7+ Kg6 57. Rh4 Kf6 58. Rh6+ Ke5 59. Rh4 b5 0-1

[Event "Edmonton int."]
[Site "Edmonton CAN"]
[Date "2008.08.04"]
[Round "8"]
[White "Friedel, Joshua E"]
[Black "Moiseenko, Alexander"]
[Result "0-1"]
[WhiteElo "2524"]
[BlackElo "2632"]
[PlyCount "58"]
[GameId "2160767910345122"]
[EventDate "2008.07.31"]
[EventType "swiss"]
[EventRounds "9"]
[EventCountry "CAN"]
[SourceTitle "CBM 125 Extra"]
[Source "ChessBase"]
[SourceDate "2008.09.01"]
[SourceVersion "1"]
[SourceVersionDate "2008.09.01"]
[SourceQuality "1"]

1. d4 Nf6 2. c4 e6 3. Nc3 Bb4 4. e3 O-O 5. Bd3 d5 6. a3 dxc4 7. Bxc4 Bd6 8. Nf3 Nc6 9. e4 e5 10. d5 Ne7 11. h3 Ng6 12. g4 Qe7 13. Qc2 c6 14. dxc6 bxc6 15. Bd3 Rb8 16. Bg5 Be6 17. Nh4 Nf4 18. Bxf4 exf4 19. Kf1 g6 20. Nf3 Nd7 21. Kg2 Ne5 22. Be2 Bb3 23. Qc1 Nxf3 24. Bxf3 Be5 25. Qe1 Rfd8 26. Rc1 Rd6 27. Bd1 Bxd1 28. Nxd1 Rbd8 29. Qb4 Qf6 0-1

[Event "Edmonton int."]
[Site "Edmonton CAN"]
[Date "2008.08.04"]
[Round "8"]
[White "Ganguly, Surya Shekhar"]
[Black "Shabalov, Alexander"]
[Result "0-1"]
[WhiteElo "2631"]
[BlackElo "2611"]
[PlyCount "76"]
[GameId "2160767910345123"]
[EventDate "2008.07.31"]
[EventType "swiss"]
[EventRounds "9"]
[EventCountry "CAN"]
[SourceTitle "CBM 125 Extra"]
[Source "ChessBase"]
[SourceDate "2008.09.01"]
[SourceVersion "1"]
[SourceVersionDate "2008.09.01"]
[SourceQuality "1"]

1. e4 c5 2. Nf3 Nc6 3. d4 cxd4 4. Nxd4 Nf6 5. Nc3 e5 6. Ndb5 d6 7. Bg5 a6 8. Na3 b5 9. Nd5 Be7 10. Bxf6 Bxf6 11. c3 O-O 12. Nc2 Bg5 13. a4 bxa4 14. Rxa4 a5 15. Bc4 Rb8 16. b3 Kh8 17. Nce3 g6 18. h4 Bxh4 19. g3 Bg5 20. f4 exf4 21. gxf4 Bh4+ 22. Kd2 f5 23. Rh2 Bg3 24. Rh6 fxe4 25. Qg1 Kg7 26. Rh1 Bh4 27. Kc1 Bf6 28. Ra2 Rh8 29. Rg2 Rb7 30. f5 Ne5 31. Rxh7+ Rxh7 32. Rxg6+ Nxg6 33. Qxg6+ Kh8 34. Nxf6 Rbg7 35. Qe8+ Qxe8 36. Nxe8 Rg1+ 37. Kd2 Rh2+ 38. Be2 Ra1 0-1

[Event "Edmonton int."]
[Site "Edmonton CAN"]
[Date "2008.08.04"]
[Round "8"]
[White "Gerzhoy, Leonid"]
[Black "Porper, Edward"]
[Result "1/2-1/2"]
[WhiteElo "2399"]
[BlackElo "2476"]
[PlyCount "73"]
[GameId "2160767910345124"]
[EventDate "2008.07.31"]
[EventType "swiss"]
[EventRounds "9"]
[EventCountry "CAN"]
[SourceTitle "CBM 125 Extra"]
[Source "ChessBase"]
[SourceDate "2008.09.01"]
[SourceVersion "1"]
[SourceVersionDate "2008.09.01"]
[SourceQuality "1"]

1. e4 e6 2. d4 d5 3. exd5 exd5 4. Nf3 Nc6 5. Bb5 Bd6 6. c4 dxc4 7. d5 a6 8. Ba4 b5 9. dxc6 bxa4 10. O-O Ne7 11. Qxa4 Rb8 12. Qxc4 Rb6 13. Nc3 Rxc6 14. Qh4 O-O 15. Ne4 Ng6 16. Qxd8 Rxd8 17. Nxd6 Rcxd6 18. Be3 Bb7 19. Ne1 f5 20. Rc1 f4 21. Bc5 Rd2 22. Ba3 R8d7 23. f3 Bd5 24. Rf2 Rxf2 25. Kxf2 Bxa2 26. Bb4 Rd4 27. Ba5 Rd5 28. b4 Ne5 29. Bxc7 g5 30. Bxe5 Rxe5 31. Nd3 Rd5 32. Nc5 Rd2+ 33. Kg1 Rd6 34. Ne4 Rb6 35. Nxg5 Rxb4 36. Rc8+ Kg7 37. Ra8 1/2-1/2